Guía de exportación para las PyMES de la industria textil y de la confección para el mercado de los Estados Unidos, en especial el californiano /

Guardado en:
Bibliografiske detaljer
Hovedforfatter: González Chanes, Edgar Ismael (autor)
Format: Bog
Sprog:spansk
Fag:
Tags: Tilføj Tag
Ingen Tags, Vær først til at tagge denne postø!

MARC

LEADER 00000nam^a2200000^a^4500
001 000185607
005 20250521000000.0
009 20260310102158.343
037 |a Acervo ITESO - Biblioteca 
041 |a ESP 
090 |a CIN. 318 
100 |a González Chanes, Edgar Ismael  |e (autor) 
245 1 0 |a Guía de exportación para las PyMES de la industria textil y de la confección para el mercado de los Estados Unidos, en especial el californiano /  |c E.I. González Chanes. 
264 |a Guadalajara, México :  |b edición de autor,  |c 2006 
300 |a 1 disco compacto de computadora 
336 |a datos para computadora  |b cod  |2 rdacontenido 
337 |a computadora  |b c  |2 rdamedio 
338 |a disco de computadora  |b cd  |2 rdasoporte 
593 |a Tesis de Lic. en Comercio Internacional 
649 |a XX 
650 |a Pequeña Empresa -  |z México 
650 |a Industria Textil -  |z México 
650 |a Industria Manufacturera -  |z México 
650 |a Investigación de Mercado -  |z California, EUA 
650 |a Investigación de Mercado -  |z EUA 
650 |a Canales de Distribución -  |z EUA 
650 |a Distribución del Producto -  |z EUA 
650 |a Exportaciones -  |z México 
650 |a Comercio Exterior -  |z México 
650 |a Comercio Internacional -  |z México-California, EUA 
650 |a Comercio Internacional -  |z México-EUA 
650 |a Economía -  |z México 
910 |a Fondo General 
920 |a Electrónicos - Tesis del ITESO en Disco 
905 |a 202 
901 |a 0500126970  |b IT2  |c STS  |u 20250521 
902 |a https://opac.biblio.iteso.mx/vufind/Record/000185607